书目信息 |
| 题名: |
新课程与学习方式的变革
|
|
| 作者: | ;新课程实施过程中培训问题研究课题组 编写 | |
| 分册: | ||
| 出版信息: | 北京 北京师范大学出版社 2001 |
|
| 页数: | 123页 | |
| 开本: | 23cm | |
| 丛书名: | 基础教育课程改革通识培训丛书 | |
| 单 册: | ||
| 中图分类: | G632.3 , G632.46 | |
| 科图分类: | ||
| 主题词: | 课程--教学改革--关系--学习方法--中小学 | |
| 电子资源: | ||
| ISBN: | 7-303-06007-3 | |
| 000 | 01076oam2 2200265 450 | |
| 001 | 1550428638 | |
| 005 | 20150204153633.10 | |
| 010 | @a7-303-06007-3@dCNY10.50 | |
| 100 | @a20020803e20022001em y0chiy0110 ea | |
| 101 | 0 | @achi |
| 102 | @aCN@b110000 | |
| 105 | @ay z 000yy | |
| 200 | 1 | @a新课程与学习方式的变革@9xin ke cheng yu xue xi fang shi de bian ge@f新课程实施过程中培训问题研究课题组编写 |
| 210 | @a北京@c北京师范大学出版社@d2001@h2002重印 | |
| 215 | @a123页@d23cm | |
| 225 | 2 | @a基础教育课程改革通识培训丛书 |
| 304 | @a教育部基础教育课程教材发展中心组织编写 | |
| 330 | @a本培训单元共有3个专题,包括:“新课程强调学习方式的改变”、“主动·探究·合作——新学习方式的主要特征”、“让学生在主动·探究·合作学习中成长”。 | |
| 461 | 0 | @12001 @a基础教育课程改革通识培训丛书 |
| 606 | 0 | @a课程@x教学改革@x关系@x学习方法@x中小学 |
| 690 | @aG632.3@v5 | |
| 690 | @aG632.46@v5 | |
| 711 | 02 | @a新课程实施过程中培训问题研究课题组@9xin ke cheng shi shi guo cheng zhong pei xun wen ti yan jiu ke ti zu@4编写 |
| 801 | 0 | @aCN@bTSSF@c20150204 |
| 905 | @aZUCC@dG632.3@eJY15 | |
| 新课程与学习方式的变革/新课程实施过程中培训问题研究课题组编写.-北京:北京师范大学出版社,2001(2002重印) |
| 123页;23cm.-(基础教育课程改革通识培训丛书) |
| ISBN 7-303-06007-3:CNY10.50 |
| 本培训单元共有3个专题,包括:“新课程强调学习方式的改变”、“主动·探究·合作——新学习方式的主要特征”、“让学生在主动·探究·合作学习中成长”。 |
| ● |
| 相关链接 |
|
|
|
|
正题名:新课程与学习方式的变革
索取号:G632.3/JY15
 
预约/预借
| 序号 | 登录号 | 条形码 | 馆藏地/架位号 | 状态 | 备注 |
| 1 | 7848281 | 278482811 | 学院路分馆/ [索取号:G632.3/JY15] | 在馆 | |
| 2 | 7848282 | 278482820 | 学院路分馆/ [索取号:G632.3/JY15] | 在馆 | |
| 3 | 7858468 | 278584685 | 学院路分馆/ [索取号:G632.3/JY15] | 在馆 | |
| 4 | 7859376 | 278593764 | 学院路分馆/ [索取号:G632.3/JY15] | 在馆 | |
| 5 | 7865858 | 278658588 | 学院路分馆/ [索取号:G632.3/JY15] | 在馆 |